Entry Nombre personal
001 - NÚMERO DE CONTROL
- campo de control: 147972
003 - IDENTIFICADOR DE NÚMERO DE CONTROL
- campo de control: SpMaBN
005 - FECHA Y HORA DE LA ÚLTIMA TRANSACCIÓN
- campo de control: 20231218195746.0
008 - ELEMENTOS DE DATO DE LONGITUD-FIJA
- campo de control de longitud fija: 100305n|#azznnaabn |a aaa
024 7# - IDENTIFICADOR DE OTROS ESTÁNDARES
- Número estándar o código: http://www.wikidata.org/entity/Q949685
- Fuente: wikidata
024 7# - IDENTIFICADOR DE OTROS ESTÁNDARES
- Número estándar o código: http://viaf.org/viaf/160126345/
- Fuente: viaf
024 7# - IDENTIFICADOR DE OTROS ESTÁNDARES
- Número estándar o código: https://isni.org/isni/0000000107519006
- Fuente: isni
040 ## - FUENTE DE CATALOGACIÓN
- Centro catalogador/agencia de origen: SpMaBN
- Lengua de catalogación: spa
- Centro/agencia transcriptor: SpMaBN
- Normas de descripción: rdc
- Convención/Normas de encabezamiento de materia/tesauro: embne
046 ## - FECHAS CON CODIFICACIÓN ESPECIAL
- Fecha de nacimiento: 1902
- Fecha de la muerte: 1936
100 1# - ENCABEZAMIENTO-NOMBRE DE PERSONA
- Nombre de persona: Capdevielle San Martín, Juana,
- Fechas asociadas al nombre: 1902-1936
370 ## - LUGAR ASOCIADO
- Lugar de nacimiento: España, Madrid (Comunidad Autónoma), Madrid
370 ## - LUGAR ASOCIADO
- Lugar de fallecimiento: España, Galicia, Lugo (Provincia), Rábade
373 ## - GRUPO ASOCIADO
- Grupo asociado: Ateneo de Madrid
- Fin de período: 1936
- Fuente de información: Cargos históricos del Ateneo de Madrid 1835-1936 (Archivo del Ateneo)
374 ## - OCUPACIÓN
- Ocupación: Bibliotecarias
375 ## - GÉNERO/SEXO
- Género: Femenino
377 ## - IDIOMA ASOCIADO
- Término de lengua/lenguaje: Español
400 1# - TRAZADO DE VÉASE--NOMBRE DE PERSONA
- Nombre de persona: Capdevielle, Juana,
- Fechas asociadas al nombre: 1902-1936
670 ## - FUENTE DE DATOS ENCONTRADOS
- Cita de la fuente: Nuestra señora de la cuneta, 2009
- Información encontrada: port. (Juana Capdevielle)
670 ## - FUENTE DE DATOS ENCONTRADOS
- Cita de la fuente: WWW Diccionario Biográfico (RAH), 11-5-2021
- Información encontrada: (Capdevielle San Martín, Juana. Madrid, 12.VIII.1905 – Rábade (Lugo), 18.VIII.1936. Bibliotecaria)
- Identificador Uniforme de Recursos: http://dbe.rah.es/biografias/94859/juana-capdevielle-san-marti n
670 ## - FUENTE DE DATOS ENCONTRADOS
- Cita de la fuente: WWW BN España aut., 15/09/2023
- Información encontrada: (Capdevielle San Martín, Juana, 1902-1936)
678 ## - DATOS BIOGRÁFICOS O HISTÓRICOS
- Datos biográficos o históricos: Socia del Ateneo de Madrid. Secretaria tercera de la Sección de Ciencias Históricas en 1933-34. Bibliotecaria técnica del Ateneo en 1933-36
- Ampliación de la nota: Fuente: Cargos históricos del Ateneo de Madrid 1835-1936 (Archivo del Ateneo)
